000 00650nam a2200277Ia 4500
005 20260324132056.0
008 008 260324s9999 xx 000 0 eng d
020 _a9780203040539
037 _aEBOOK
040 _aCRL
040 _beng
040 _cCRL
041 _2eng
041 _aeng
084 _qCRL
100 _aF.M. Barber
_91187940
245 4 _aThe Mechanical Triumphs of the Ancient Egyptians
260 _bTaylor and Francis
260 _c2005
365 _a
365 _b59.99
856 _uhttp://www.taylorfrancis.com/books/9780203040539
942 _cEBOOK
999 _c1785670
_d1785670